LEADER 00976nam0-22003251i-450 001 990001724260403321 005 20190529131346.0 035 $a000172426 035 $aFED01000172426 035 $a(Aleph)000172426FED01 035 $a000172426 100 $a20030910d1939----km-y0itay50------ba 101 0 $aita 200 1 $a<>farine di sorgo zuccherino e di mais nella panificazione$fEnrico Avanzi, Gino Graif 210 $aGenova$c...$d1939 215 $a8 p.$d31 cm 300 $aEstr. da: L'Industria saccarifera italiana, 32 (1939), n.5. 610 0 $aSorghum bicolor 610 0 $aPanificazione 610 0 $aMais 676 $a664.752 700 1$aAvanzi,$bEnrico$f<1888-1974>$068275 702 1$aGraif,$bGino 801 0$aIT$bUNINA$gRICA$2UNIMARC 901 $aLG 912 $a990001724260403321 952 $a60 OP. 28/15$b32525$fFAGBC 959 $aFAGBC 996 $aFarine di sorgo zuccherino e di mais nella panificazione$9359771 997 $aUNINA LEADER 01320nam0-2200385 --450 001 9910553900303321 005 20220405143646.0 010 $a978-88-575-8095-1 100 $a20220405d2021----kmuy0itay5050 ba 101 1 $aita$cfre 102 $aIT 105 $ay 001yy 200 1 $a<>miti fondatori della massoneria$fGilbert Durand$ga cura di Ninnia Primilla$gprefazione di Luigi Pruneti$gintroduzione di Maria Concetta Nicolai 210 $aMilano$aUdine$cMimesis$d2021 215 $a177 p.$d21 cm 225 1 $aMimesis. Il flauto magico$v56 300 $aTrad.di M. C. Nicolai, Rita Pasquali, revisione di Silvia Scorrano, ricerche bibliografiche di Monica Carbone, Tiziana Petrella, Marina Tieri 610 0 $aMassoneria 676 $a366.1$v23$zita 700 1$aDurand,$bGilbert$f<1921-2012>$010430 702 1$aPruneti,$bLuigi 702 1$aNicolai,$bMaria Concetta 702 1$aPrimilla,$bNinnia 702 1$aPasquali,$bRita 702 1$aScorrano,$bSilvia 702 1$aCarbone,$bMonica 702 1$aPetrella,$bTiziana 702 1$aTieri,$bMarina 801 0$aIT$bUNINA$gREICAT$2UNIMARC 901 $aBK 912 $a9910553900303321 952 $aCOLLEZ. 2641 (56)$b154/2022$fFSPBC 959 $aFSPBC 996 $aMiti fondatori della massoneria$92813099 997 $aUNINA